00246nam a2200097 a 450000500170000000800410001705000180005810000230007624500180009926000310011720140414131900.0100916s19uu xx 00 eng d aFICbAl1 1987 aAlcott, Louisa May aLittle women. aEngland :bLongman,c1987.